SNL Oscar Nominees Quiz Stats

 Plays Quiz Updated May 25, 2018

Score 0/6 Timer 03:00
3 Plays Today
Nomination Actor % Correct
Best Actor
'Lost in Translation'
Bill Murray
94.3%
Best Actor, 'Chaplin'
Best Supporting Actor, 'Tropic Thunder'
Robert Downey, Jr.
88.4%
Best Supporting Actor
'Dreamgirls'
Eddie Murphy
76.8%
Best Supporting Actor
'Driving Miss Daisy'
Dan Aykroyd
62.8%
Best Supporting Actress
'Working Girl' and 'In and Out'
Joan Cusack
40.3%
Best Supporting Actor
'The Last Detail'
Randy Quaid
19.3%

You're not logged in!

Compare scores with friends on all Sporcle quizzes.
OR
Log In

Sporcle TV

Today on Sporcle TV


Watch our educational content, quiz creation guides, and fun videos on Sporcle TV.

Show Comments

Extras

Top Quizzes Today


Score Distribution

Your Account Isn't Verified!

In order to create a playlist on Sporcle, you need to verify the email address you used during registration. Go to your Sporcle Settings to finish the process.

Report this User

Report this user for behavior that violates our Community Guidelines.

Details: